00858nam a2200253 a 450000100060000000300080000600500170001400800410003103500560007204000330012804100080016108200240016924501140019326000520030730000240035950400500038350500200043365000230045365000200047665000260049670000230052270000230054570000360056810303BD-RjUL20211208234930.0140123s1965 uk a b 001 0 eng d aCURL 0500B6400377(Lon) from hmec023a(BD-RjUL)10351 aUkOxU bengcUkOxU dBD-RjUL aeng00223a547.1bPHY 196500aPhysics and chemistry of the organic solid state /ceditors: David Fox, Mortimer M. Labes, Arnold Weissberger aNew York ;aLondon :bInterscience,c1963, 1965 av. :bill ; c24 cm aIncludes bibliographical references and index aV. 1 -- V. 2 -- 0aChemistry, Organic 0aCrystallography 0aSolid state chemistry1 aFox, David,d1920-1 aLabes, Mortimer M.1 aWeissberger, Arnold,d1898-1984